00631nam a2200181Ia 4500999001500000020001500015082001700030100001800047245004100065260002800106300001400134440005500148650003200203650002700235700002200262942001200284952015300296 c9662d9662 a0415172977 a954.04 TAN-; aTan, Tai Yong 0aAftermath of partition in South Asia aLondonbRoutledgec2000 axiv, 322p aRoutledge studies in the modern history of Asia; 3 aINDIA - HISTORY - PARTITION aINDIA - HISTORY - 1947 aKudaisya, Gyanesh cBK2ddc 001040708DaNASSDOCbNASSDOCd2016-09-23eGifted by : DOCAS Collectioni2004-10-22l0o954.04 TAN-;pD000984r2019-04-18 00:00:00w2019-04-18yBK